000 00284nam a2200109Ia 4500
008 190914s9999||||xx |||||||||||||| ||und||
100 _aMark Saunders
245 0 _aResearch Mathods for Business Students
260 _aNew Delhi
_bTata McGraw Hill
_c1997
300 _a744
942 _cBK
999 _c8509
_d8509